Journal of fundamentals in Nursing Research (Record no. 1893)

MARC details
000 -LEADER
Fixed length control field 00510nas a22001697a 4500
003 - CONTROL NUMBER IDENTIFIER
Control field IIN
005 - DATE AND TIME OF LATEST TRANSACTION
Control field 20260507123147.0
008 - FIXED-LENGTH DATA ELEMENTS--GENERAL INFORMATION
Fixed length control field 260507c2015 |||qr|j| |||| 00| 0 eng d
040 ## - CATALOGING SOURCE
Original cataloging agency IIN
245 ## - TITLE STATEMENT
Title Journal of fundamentals in Nursing Research
Statement of responsibility ASC Journals Nursing
260 ## - IMPRINT
Place of publication Aurangabad:
Name of publisher Innovational Publishers,
Date of publication 2015
300 ## - PHYSICAL DESCRIPTION
Page / Vol. No Vol. 1, No. 1 (Jan.-Mar. 2015) -
Other physical details ill.
310 ## - CURRENT PUBLICATION FREQUENCY
Current publication frequency Quarterly
650 ## - SUBJECT ADDED ENTRY--TOPICAL TERM
Topical term Research
General subdivision Nursing
856 ## - ELECTRONIC LOCATION AND ACCESS
Uniform Resource Identifier https://ascjournals.com/journal-details/15
942 ## - ADDED ENTRY ELEMENTS (KOHA)
Koha item type Serials

No items available.

© Ideal Institute Of Nursing, All rights reserved.         Powered by Koha